| 000 | 00967nam a22002897a 4500 | ||
|---|---|---|---|
| 001 | 9641 | ||
| 003 | FISKH | ||
| 005 | 20260408113624.0 | ||
| 008 | 260127b cb ||||| |||| 00| 0 eng d | ||
| 020 | _a9781368051439 | ||
| 040 |
_aFISKH _beng _cFISKH _dFISKH |
||
| 050 | _aPZ7 .R4829 .L | ||
| 082 | _a813.6 | ||
| 100 |
_aRiordan, Rick _eAuthor |
||
| 245 |
_aThe lost hero / _cRick Riordan |
||
| 260 |
_aNew York : _bDisney , _c2010 |
||
| 300 |
_a557 pages : _c20 cm |
||
| 490 |
_aThe heroes of Olympus : _v1 |
||
| 505 | _aR | ||
| 520 | _aJason, Piper, and Leo, three students from a school for "bad kids," find themselves at Camp Half-Blood, where they learn that they are demigods and begin a quest to free Hera, who has been imprisoned by Mother Earth herself. | ||
| 521 | 8 |
_a660
_bLexile |
|
| 521 | 8 |
_aR
_bRaz-Plus |
|
| 650 |
_aGreek mythology _vHeroes of Olympus |
||
| 650 |
_aRoman gods _vRoman mythology |
||
| 942 |
_2ddc _cBK _n0 |
||
| 999 |
_c9641 _d9641 |
||